000 00754nam a2200253Ia 4500
003 GCL
008 140319s9999 xx 000 0 ara d
040 _aGCL /
_cGCL
082 0 4 _a709
_bا م
100 1 _aابوصالح الالفى
245 1 0 _aموجز فى تاريخ الفن العام /
_cابوصالح الالفى
260 _aالقاهرة :
_bدار القلم ،
_c1965
300 _a317 ص:
_bايض
490 _a
650 0 4 _aالفن
650 0 4 _aالفن القديم
650 0 4 _aالفن الحديث
650 0 4 _aالفن البيزنطى
650 0 4 _aالفن الاغريقى
650 0 4 _aتاريخ ونقد
650 0 4 _aالفن القوطى
650 0 4 _aالفن الاسلامى
942 _2ddc
_cBK
999 _c36379
_d36379